The five commandments (Record no. 83426)

MARC details
000 -LEADER
fixed length control field 00844cab a22001935a 4500
001 - CONTROL NUMBER
control field L153954
008 - FIXED-LENGTH DATA ELEMENTS--GENERAL INFORMATION
fixed length control field 110927e20110917xxk 000 0 eng d
035 ## - SYSTEM CONTROL NUMBER
System control number (Sirsi) u153954
041 0# - LANGUAGE CODE
Language code of text/sound track or separate title eng
100 1# - MAIN ENTRY--PERSONAL NAME
Personal name Jervis, Mike
245 04 - TITLE STATEMENT
Title The five commandments
260 ## - PUBLICATION, DISTRIBUTION, ETC.
Date of publication, distribution, etc. 2011
490 ## - SERIES STATEMENT
Series statement Estates Gazette
Volume/sequential designation (1137) 17 September 2011, 102-103(2)
520 ## - SUMMARY, ETC.
Summary, etc. Landlords should be aware of the correct rules to follow when dealing with insolvent tenants given that there is an increase in retail insolvencies of 9% in the second quarter of 2011 compared with the same quarter in 2010. Recommends that parties should engage with each other in a controlled environment early in the process to maximise the chances of a successful outcome.
590 ## - LOCAL NOTE (RLIN)
Local note KA
651 #4 - SUBJECT ADDED ENTRY--GEOGRAPHIC NAME
Geographic name United Kingdom
Chronological subdivision
690 ## - LOCAL SUBJECT ADDED ENTRY--TOPICAL TERM (OCLC, RLIN)
Topical term or geographic name as entry element PROPERTY-LEASEHOLD PROPERTY
942 ## - ADDED ENTRY ELEMENTS (KOHA)
Suppress in OPAC 0
Holdings
Withdrawn status Lost status Source of classification or shelving scheme Damaged status Not for loan Home library Current library Shelving location Date acquired Total Checkouts Full call number Barcode Date last seen Copy number Price effective from Koha item type
    Dewey Decimal Classification     London London Journal article 27/09/2011   L153954 153954-1001 06/08/2019 1 06/08/2019 Journal article